Normal view
MARC view
Entry Topical Term
001 - CONTROL NUMBER
- control field: 65480
003 - CONTROL NUMBER IDENTIFIER
- control field: dpl
005 - DATE AND TIME OF LATEST TRANSACTION
- control field: 20240502144001.0
008 - FIXED-LENGTH DATA ELEMENTS
- fixed length control field: 240502|| aca||aabn | a|a d
040 ## - CATALOGING SOURCE
- Original cataloging agency: dpl
- Transcribing agency: dpl
150 ## - HEADING--TOPICAL TERM
- Topical term or geographic name as entry element: हिन्दी उपन्यास
670 ## - SOURCE DATA FOUND
- Source citation: Work cat.: (dpl)202555: प्रसाद, दुर्गा 65479, अंतिम मिलन/, 2022
